[Event "LSS No Engine Cup 29 Final"]
[Site "LSS email"]
[Date "2011.06.11"]
[Round "?"]
[White "Potemri, Stefan"]
[Black "Hokano, Juan Carlos"]
[Result "1-0"]
[WhiteElo "1721"]
[BlackElo "1436"]
[PlyCount "21"]
[EventDate "2011.06.12"]
[EventType "tourn (corr)"]
[EventRounds "6"]
[EventCountry "GER"]
[SourceTitle "Corr 2015"]
[Source "ChessBase"]
[SourceDate "2015.07.17"]
[SourceVersion "1"]
[SourceVersionDate "2015.07.17"]
[SourceQuality "1"]

1. e4 d6 2. d4 Nf6 3. Nc3 g6 4. Nf3 Bg7 5. Bb5+ c6 6. Be2 0-0 7. 0-0 Na6 8. Bg5 b5 9. a3 Nc7 10. e5 dxe5 11. Nxe5 1-0

[Event "OP-2011-0-01548"]
[Site "LSS email"]
[Date "2011.05.25"]
[Round "?"]
[White "Hokano, Juan Carlos"]
[Black "Yangibayev, Rustam"]
[Result "1-0"]
[WhiteElo "1476"]
[BlackElo "768"]
[PlyCount "25"]
[EventDate "2011.05.21"]
[EventType "tourn (corr)"]
[EventRounds "4"]
[EventCountry "GER"]
[SourceTitle "Corr 2015"]
[Source "ChessBase"]
[SourceDate "2015.07.17"]
[SourceVersion "1"]
[SourceVersionDate "2015.07.17"]
[SourceQuality "1"]

1. d4 Nf6 2. c4 d5 3. Nf3 Bg4 4. Ne5 Bh5 5. Nc3 e6 6. Bg5 Be7 7. Qb3 b6 8. Qa4+ Nbd7 9. Nc6 Qc8 10. Nxe7 Kxe7 11. cxd5 e5 12. dxe5 Nxe5 13. Qe4 1-0

[Event "OP-2011-0-01543"]
[Site "LSS email"]
[Date "2011.05.22"]
[Round "?"]
[White "Hokano, Juan Carlos"]
[Black "Varas, Pablo"]
[Result "0-1"]
[WhiteElo "1431"]
[BlackElo "1438"]
[PlyCount "68"]
[EventDate "2011.05.19"]
[EventType "tourn (corr)"]
[EventRounds "4"]
[EventCountry "GER"]
[SourceTitle "Telechess CBM 151"]
[Source "ChessBase"]
[SourceDate "2012.11.13"]
[SourceVersion "1"]
[SourceVersionDate "2012.11.13"]
[SourceQuality "1"]

1. d4 d5 2. Nf3 Nc6 3. c4 Bg4 4. Nc3 e6 5. Bg5 Be7 6. Bxe7 Ngxe7 7. e3 0-0 8. h3 Bh5 9. Be2 Bxf3 10. Bxf3 dxc4 11. Qa4 Qd6 12. Qxc4 Rfd8 13. 0-0 f5 14. Rac1 Rab8 15. a3 Nd5 16. Qb3 a6 17. Na4 Nce7 18. Nc5 a5 19. Nd3 c6 20. Rfe1 b6 21. Re2 Ra8 22. Rec2 Rab8 23. Ne5 c5 24. Qd3 g6 25. Nc4 Qc7 26. Qe2 Nf6 27. Ne5 Qd6 28. Rd1 Ned5 29. Qb5 Rdc8 30. Rdc1 Rc7 31. Qd3 Rbc8 32. Qa6 Kg7 33. Rxc5 Rxc5 34. dxc5 Rxc5 0-1

[Event "BI-2011-P-00008"]
[Site "LSS email"]
[Date "2011.04.17"]
[Round "?"]
[White "Hokano, Juan Carlos"]
[Black "Tavani, Alberto"]
[Result "0-1"]
[WhiteElo "1431"]
[BlackElo "2294"]
[PlyCount "98"]
[EventDate "2011.04.20"]
[EventType "tourn (corr)"]
[EventRounds "10"]
[EventCountry "GER"]
[SourceTitle "Telechess CBM 149"]
[Source "ChessBase"]
[SourceDate "2012.07.17"]
[SourceVersion "1"]
[SourceVersionDate "2012.07.17"]
[SourceQuality "1"]

1. d4 Nf6 2. c4 e6 3. Nf3 d5 4. Bg5 Be7 5. e3 0-0 6. Nc3 h6 7. Bh4 b6 8. cxd5 Nxd5 9. Bxe7 Qxe7 10. Nxd5 exd5 11. Be2 Be6 12. 0-0 c5 13. Rc1 Nd7 14. Ba6 c4 15. Bb5 Rfc8 16. Bxd7 Qxd7 17. Ne5 Qb5 18. Qc2 f6 19. Ng6 Qd7 20. Rfe1 b5 21. Nf4 Bf5 22. Qd1 a5 23. a3 b4 24. f3 bxa3 25. bxa3 Qd6 26. Nxd5 Qxd5 27. e4 Qd6 28. exf5 Qxa3 29. Qe2 c3 30. Qd3 a4 31. d5 Qd6 32. Rxc3 Rxc3 33. Qxc3 a3 34. Qc6 Qb8 35. Ra1 Kh7 36. d6 Qb2 37. Rd1 Qe2 38. Ra1 Rb8 39. Qe4 Qb2 40. Rd1 a2 41. Qe1 Ra8 42. Ra1 Re8 43. Qc1 Qxc1+ 44. Rxc1 Rb8 45. d7 Rb1 46. d8Q Rxc1+ 47. Kf2 a1Q 48. Qe8 Rc2+ 49. Kg3 Qe5+ 0-1

[Event "BI-2011-P-00008"]
[Site "LSS email"]
[Date "2011.04.17"]
[Round "?"]
[White "Pech, Jaroslav Jr"]
[Black "Hokano, Juan Carlos"]
[Result "0-1"]
[WhiteElo "1429"]
[BlackElo "1431"]
[PlyCount "35"]
[EventDate "2011.04.20"]
[EventType "tourn (corr)"]
[EventRounds "10"]
[EventCountry "GER"]
[SourceTitle "Telechess CBM 149"]
[Source "ChessBase"]
[SourceDate "2012.07.17"]
[SourceVersion "1"]
[SourceVersionDate "2012.07.17"]
[SourceQuality "1"]

1. e4 d6 2. d4 Nf6 3. Nc3 g6 4. Nf3 Bg7 5. Be2 c6 6. 0-0 0-0 7. a4 a6 8. a5 b5 9. axb6 Qxb6 10. e5 dxe5 11. Nxe5 Rd8 12. Bc4 e6 13. Qf3 Nbd7 14. Qxc6 Bb7 15. Qxb6 Nxb6 16. Be2 Rxd4 17. Be3 Rd6 18. Bc5 0-1

[Event "RE-2011-0-00059"]
[Site "LSS email"]
[Date "2011.04.04"]
[Round "?"]
[White "Hokano, Juan Carlos"]
[Black "Vodicka, Milan"]
[Result "1/2-1/2"]
[WhiteElo "1414"]
[BlackElo "1625"]
[PlyCount "36"]
[EventDate "2011.03.01"]
[EventType "tourn (corr)"]
[EventRounds "6"]
[EventCountry "GER"]
[SourceTitle "Telechess CBM 147"]
[Source "ChessBase"]
[SourceDate "2012.03.16"]
[SourceVersion "1"]
[SourceVersionDate "2012.03.16"]
[SourceQuality "1"]

1. d4 d5 2. Nf3 Nf6 3. c4 c6 4. Nc3 dxc4 5. a4 Bf5 6. e3 e6 7. Bxc4 Nbd7 8. 0-0 Bb4 9. Bd2 0-0 10. Qb3 Qb6 11. Nh4 Bxc3 12. Bxc3 Qxb3 13. Bxb3 Be4 14. Rfc1 Bd5 15. Bd1 Ne4 16. Bb4 c5 17. Ba3 Rfc8 18. Nf3 b6 1/2-1/2

[Event "RE-2011-0-00059"]
[Site "LSS email"]
[Date "2011.04.03"]
[Round "?"]
[White "Sevruk, Vitalij"]
[Black "Hokano, Juan Carlos"]
[Result "0-1"]
[WhiteElo "1121"]
[BlackElo "1414"]
[PlyCount "40"]
[EventDate "2011.03.01"]
[EventType "tourn (corr)"]
[EventRounds "6"]
[EventCountry "GER"]
[SourceTitle "Telechess CBM 147"]
[Source "ChessBase"]
[SourceDate "2012.03.16"]
[SourceVersion "1"]
[SourceVersionDate "2012.03.16"]
[SourceQuality "1"]

1. e4 d6 2. d4 Nf6 3. Nc3 g6 4. f4 Bg7 5. Nf3 0-0 6. Bd3 c6 7. 0-0 b5 8. e5 Nfd7 9. Qe1 a5 10. Qh4 e6 11. Qh3 d5 12. Ng5 h6 13. Nxe6 fxe6 14. Qxe6+ Rf7 15. Qxg6 Nf8 16. Qh5 Qb6 17. Be3 a4 18. Rae1 b4 19. f5 bxc3 20. f6 cxb2 0-1

[Event "LSS No Engine Cup 40 Preliminary 5"]
[Site "LSS email"]
[Date "2011.04.01"]
[Round "?"]
[White "Hokano, Juan Carlos"]
[Black "Schnoewitz, Brigitte"]
[Result "1-0"]
[WhiteElo "1414"]
[BlackElo "1039"]
[PlyCount "41"]
[EventDate "2011.04.02"]
[EventType "tourn (corr)"]
[EventRounds "6"]
[EventCountry "GER"]
[SourceTitle "Corr 2013"]
[Source "ChessBase"]
[SourceDate "2012.11.12"]
[SourceVersion "1"]
[SourceVersionDate "2012.11.12"]
[SourceQuality "1"]

1. d4 d5 2. Nf3 Nf6 3. c4 c6 4. Nc3 dxc4 5. a4 e6 6. e4 Be7 7. Bxc4 0-0 8. 0-0 b6 9. Bg5 Na6 10. Qe2 Nb4 11. Rfd1 Bb7 12. a5 b5 13. Bb3 a6 14. Ne5 Qc7 15. Ng4 Nxe4 16. Nxe4 h6 17. Nxh6+ gxh6 18. Bxh6 Kh8 19. Qh5 Kg8 20. Qg4+ Kh8 21. Qg7# 1-0

[Event "SE-2011-0-00067"]
[Site "LSS email"]
[Date "2011.03.02"]
[Round "?"]
[White "Hokano, Juan Carlos"]
[Black "Molano Lafuente, Ismael"]
[Result "1-0"]
[WhiteElo "1414"]
[BlackElo "1332"]
[PlyCount "39"]
[EventDate "2011.01.22"]
[EventType "tourn (corr)"]
[EventRounds "6"]
[EventCountry "GER"]
[SourceTitle "Telechess CBM 147"]
[Source "ChessBase"]
[SourceDate "2012.03.16"]
[SourceVersion "1"]
[SourceVersionDate "2012.03.16"]
[SourceQuality "1"]

1. d4 Nf6 2. c4 Nc6 3. Nf3 e6 4. Nc3 Bb4 5. Qc2 d6 6. Bg5 h6 7. Bf4 g5 8. Be3 e5 9. d5 Bxc3+ 10. Qxc3 Ne7 11. Nxe5 dxe5 12. Qxe5 Qd6 13. Bd4 Qxe5 14. Bxe5 Neg8 15. Bxc7 b5 16. f3 Kd7 17. Be5 bxc4 18. e4 Ba6 19. Kf2 h5 20. b3 1-0

[Event "LSS No Engine Cup 38 Preliminary 1"]
[Site "LSS email"]
[Date "2011.03.02"]
[Round "?"]
[White "Hokano, Juan Carlos"]
[Black "Turoczi, Peter"]
[Result "1-0"]
[WhiteElo "1476"]
[BlackElo "1354"]
[PlyCount "47"]
[EventDate "2011.03.03"]
[EventType "tourn (corr)"]
[EventRounds "6"]
[EventCountry "GER"]
[SourceTitle "Telechess CBM 151"]
[Source "ChessBase"]
[SourceDate "2012.11.13"]
[SourceVersion "1"]
[SourceVersionDate "2012.11.13"]
[SourceQuality "1"]

1. d4 d5 2. c4 c6 3. Nf3 Nf6 4. Bg5 dxc4 5. e3 Ne4 6. Bf4 Qa5+ 7. Nfd2 b5 8. Be2 Qb4 9. Qc1 Nxd2 10. Nxd2 Bb7 11. 0-0 Nd7 12. a3 Qa4 13. Bf3 g6 14. Qc3 Bg7 15. b3 cxb3 16. Nxb3 0-0 17. Na5 Ba6 18. Nxc6 Rae8 19. Rab1 Qc4 20. Qa5 Qa4 21. Qc7 Nb6 22. Nxe7+ Kh8 23. Bc6 Rd8 24. Qxa7 1-0

[Event "LSS RE-2010-0-00047"]
[Site "LSS email"]
[Date "2010.11.27"]
[Round "?"]
[White "De Paus, Pieter"]
[Black "Hokano, Juan Carlos"]
[Result "0-1"]
[WhiteElo "1338"]
[BlackElo "1313"]
[PlyCount "48"]
[EventDate "2010.09.13"]
[EventType "tourn (corr)"]
[EventRounds "6"]
[EventCountry "GER"]
[SourceTitle "Telechess CBM 143"]
[Source "ChessBase"]
[SourceDate "2011.07.15"]
[SourceVersion "1"]
[SourceVersionDate "2011.07.15"]
[SourceQuality "1"]

1. e4 d6 2. d4 Nf6 3. Nc3 g6 4. f4 Bg7 5. Nf3 c6 6. Bd3 0-0 7. 0-0 b5 8. e5 Ng4 9. h3 Nh6 10. Ne4 Nf5 11. Qe1 dxe5 12. fxe5 Nxd4 13. Nfg5 h6 14. Nf3 Nxf3+ 15. Rxf3 Nd7 16. e6 Ne5 17. exf7+ Rxf7 18. Rxf7 Kxf7 19. Qg3 Nxd3 20. cxd3 Bf5 21. Kh1 Qd4 22. Qf3 Kg8 23. Rb1 Qa4 24. a3 Qc2 0-1

[Event "LSS RE-2010-0-00047"]
[Site "LSS email"]
[Date "2010.11.25"]
[Round "?"]
[White "Ballero, Andrea"]
[Black "Hokano, Juan Carlos"]
[Result "1-0"]
[WhiteElo "1591"]
[BlackElo "1335"]
[PlyCount "55"]
[EventDate "2010.09.13"]
[EventType "tourn (corr)"]
[EventRounds "6"]
[EventCountry "GER"]
[SourceTitle "Telechess CBM 147"]
[Source "ChessBase"]
[SourceDate "2012.03.16"]
[SourceVersion "1"]
[SourceVersionDate "2012.03.16"]
[SourceQuality "1"]

1. e4 d6 2. d4 Nf6 3. Nc3 g6 4. f4 Bg7 5. Nf3 c6 6. Bd3 0-0 7. h3 b5 8. 0-0 b4 9. Ne2 Bb7 10. e5 Nd5 11. c4 bxc3 12. bxc3 c5 13. Rb1 Nb6 14. a4 Bc6 15. Bc2 Qd7 16. a5 Nc4 17. d5 Bb7 18. e6 fxe6 19. dxe6 Qc7 20. f5 Bxf3 21. Rxf3 Ne5 22. Rg3 Nbc6 23. fxg6 h6 24. Nf4 d5 25. Nh5 Qd6 26. Nxg7 Kxg7 27. Bxh6+ Kxh6 28. g7 1-0

[Event "LSS No Engine Cup 29 Preliminary 5"]
[Site "LSS email"]
[Date "2010.10.13"]
[Round "?"]
[White "Mezei, Zsolt"]
[Black "Hokano, Juan Carlos"]
[Result "0-1"]
[WhiteElo "1441"]
[BlackElo "1393"]
[PlyCount "52"]
[EventDate "2010.10.14"]
[EventType "tourn (corr)"]
[EventRounds "6"]
[EventCountry "GER"]
[SourceTitle "Corr 2013"]
[Source "ChessBase"]
[SourceDate "2012.11.12"]
[SourceVersion "1"]
[SourceVersionDate "2012.11.12"]
[SourceQuality "1"]

1. e4 d6 2. d4 Nf6 3. Nc3 g6 4. Nf3 Bg7 5. h3 0-0 6. Be2 c6 7. 0-0 b5 8. a3 Bb7 9. Be3 Nbd7 10. Qd2 c5 11. Bxb5 Nxe4 12. Nxe4 Bxe4 13. Be2 Qc7 14. c3 c4 15. Nh2 Rfb8 16. f3 Bd5 17. Ng4 h5 18. Nf2 Rb7 19. Rae1 Rab8 20. Nd1 Nb6 21. Bh6 Na4 22. Bxg7 Kxg7 23. Qg5 e6 24. Ne3 Rxb2 25. Nxd5 exd5 26. Qxd5 Nxc3 0-1

[Event "LSS No Engine Cup 29 Preliminary 5"]
[Site "LSS email"]
[Date "2010.10.13"]
[Round "?"]
[White "Rose, Robert E"]
[Black "Hokano, Juan Carlos"]
[Result "0-1"]
[WhiteElo "800"]
[BlackElo "1178"]
[PlyCount "52"]
[EventDate "2010.10.14"]
[EventType "tourn (corr)"]
[EventRounds "6"]
[EventCountry "GER"]
[SourceTitle "Telechess CBM 143"]
[Source "ChessBase"]
[SourceDate "2011.07.15"]
[SourceVersion "1"]
[SourceVersionDate "2011.07.15"]
[SourceQuality "1"]

1. e4 d6 2. d4 Nf6 3. Nc3 g6 4. Nf3 Bg7 5. Be2 0-0 6. 0-0 c6 7. Be3 b5 8. Bd3 b4 9. Ne2 Na6 10. c3 Rb8 11. Rb1 c5 12. dxc5 Nxc5 13. cxb4 Ncxe4 14. a3 a6 15. Nd2 Bb7 16. Nxe4 Nxe4 17. Bd4 e5 18. Be3 Qh4 19. Ng3 Nf6 20. Be2 Rfd8 21. Bf3 Bxf3 22. Qxf3 d5 23. Bc5 e4 24. Qe2 Ng4 25. h3 Ne5 26. Bd6 Rxd6 0-1